| 000 | 00661nam a2200241 a 4500 | ||
|---|---|---|---|
| 001 | nice12345678 | ||
| 003 | IN_TiNIC | ||
| 005 | 20260116015245.0 | ||
| 008 | 050524s1996 laha grp 000 0 eng | ||
| 020 |
_a _c100 |
||
| 082 | 0 | 0 |
_a305.4095491 _bWOM |
| 245 |
_aTime to Speak Out _b Illegal Abortion and Women`s Health in Pakistan |
||
| 260 |
_aLahore _bShirkat Gah and WLUML _c1996 |
||
| 300 | _a34p | ||
| 500 | _aincludes index and biblioraphy | ||
| 505 | 2 | _adialogue Nov, 1-7,1991. | |
| 650 | _aMuslim Women-Pakistan | ||
| 650 | _aWomen-Pakistan | ||
| 710 | 2 | _aWomen Living Under Muslim Laws | |
| 902 | _bSRS | ||
| 942 | _cBK | ||
| 999 |
_c18949 _d18949 |
||